Апельсины из Марокко

Bibliografiske detaljer
Hovedforfatter: Аксенов В. П. Василий Павлович
Summary:Врач по образованию, «антисоветчик» по духу и самый яркий новатор в русской прозе XX века, Аксенов уже в самом начале своего пути наметил темы и проблемы, которые будут волновать его и в период зрелого творчества. Первые повести Аксенова положили начало так называемой «молодежной прозе» СССР. Именно тогда впервые появилось выражение «шестидесятники», которое стало обозначением целого поколения и эпохи. Проблема конформизма и лояльности режиму, готовность ради дружбы поступиться принципами и служебными перспективами — всё это будет в прозе Аксенова и годы спустя. Но никто не напишет обо всем этом лучше, чем тот, кто столкнулся с этим впервые, был молод и отчаянно верил в справедливость.
Sprog:russisk
Udgivet: Москва, Эксмо, 2008
Serier:Остров Аксенов
Fag:
Format: MixedMaterials Bog
KOHA link:https://koha.lib.tpu.ru/cgi-bin/koha/opac-detail.pl?biblionumber=134760

MARC

LEADER 00000nam0a2200000 4500
001 134760
005 20231101220516.0
010 |a 9785699254804 
035 |a (RuTPU)RU\TPU\book\146067 
090 |a 134760 
100 |a 20080403d2008 m y0rusy50 ca 
101 0 |a rus 
102 |a RU 
105 |a y z 000ay 
200 1 |a Апельсины из Марокко  |f В. П. Аксенов 
210 |a Москва  |c Эксмо  |d 2008 
215 |a 480 с. 
225 1 |a Остров Аксенов 
330 |a Врач по образованию, «антисоветчик» по духу и самый яркий новатор в русской прозе XX века, Аксенов уже в самом начале своего пути наметил темы и проблемы, которые будут волновать его и в период зрелого творчества. Первые повести Аксенова положили начало так называемой «молодежной прозе» СССР. Именно тогда впервые появилось выражение «шестидесятники», которое стало обозначением целого поколения и эпохи. Проблема конформизма и лояльности режиму, готовность ради дружбы поступиться принципами и служебными перспективами — всё это будет в прозе Аксенова и годы спустя. Но никто не напишет обо всем этом лучше, чем тот, кто столкнулся с этим впервые, был молод и отчаянно верил в справедливость. 
610 1 |a русская литература 
610 1 |a проза 
610 1 |a романы 
675 |a Р2  |v 3 
700 1 |a Аксенов  |b В. П.  |c русский писатель  |f 1932-2009  |g Василий Павлович  |2 stltpush  |3 (RuTPU)RU\TPU\pers\12306  |9 3316 
801 1 |a RU  |b 63413507  |c 20080403  |g PSBO 
801 2 |a RU  |b 63413507  |c 20170504  |g PSBO 
942 |c BK 
959 |a 39/20080403  |d 1  |e 150,80  |f ХФ:1